| 000 | 00837nam a22002411u 4500 | ||
|---|---|---|---|
| 001 | 05927 | ||
| 003 | HDC | ||
| 007 | cr bn --- | ||
| 008 | 210122p2015 xx n 10 eng | ||
| 040 | _aHDC | ||
| 245 | 0 |
_aApplication of NFC Technology for Premise Halal Certification / _cby Evizal Abdul Kadir |
|
| 260 |
_a[No place] : _b[publisher not identified], _c2015 |
||
| 300 | _a4 pages | ||
| 336 |
_atext _2rdacontent |
||
| 337 |
_acomputer _2rdamedia |
||
| 338 |
_aonline resource _2rdacarrier |
||
| 650 |
_aHalal food industry _xCertification _9415 |
||
| 650 |
_aInformation technology _96260 |
||
| 856 | _zRequest full-text at [email protected] | ||
| 942 | _2lcc | ||
| 942 | _cCONP | ||
| 942 | _kCONF 000014 | ||
| 999 |
_c3251 _d3251 |
||